[Event "Copa Latinoamericana de Ajedrez 2011"]
[Site "Montevideo URU"]
[Date "2011.11.04"]
[Round "6.41"]
[White "Vaz, Leonardo"]
[Black "Guerrero, Alvaro"]
[Result "0-1"]
[WhiteElo "2014"]
[BlackElo "2170"]
[PlyCount "48"]
[EventDate "2011.11.01"]
[EventType "swiss"]
[EventRounds "9"]
[EventCountry "URU"]
[Source "lmi"]
[SourceDate "2011.11.01"]

1. e4 c6 2. d4 d5 3. Nc3 dxe4 4. Nxe4 Bf5 5. Ng3 Bg6 6. Nf3 e6 7. Bd3 Nf6 8.
O-O Bd6 9. Re1 O-O 10. Bxg6 hxg6 11. Bg5 Qc7 12. Qe2 Nbd7 13. Red1 Rfe8 14. Ne5
c5 15. Nc4 Be7 16. Ne4 cxd4 17. Rxd4 e5 18. Rdd1 Nxe4 19. Bxe7 Nc3 20. bxc3
Rxe7 21. Ne3 Nf6 22. c4 Rc8 23. Qd3 Rd8 24. Qb3 b6 0-1

[Event "Copa Latinoamericana de Ajedrez 2011"]
[Site "Montevideo URU"]
[Date "2011.11.04"]
[Round "6.42"]
[White "Saralegui, Mario"]
[Black "Rezende Vilela, Guilherme"]
[Result "1/2-1/2"]
[WhiteElo "2169"]
[BlackElo "2050"]
[PlyCount "76"]
[EventDate "2011.11.01"]
[EventType "swiss"]
[EventRounds "9"]
[EventCountry "URU"]
[Source "lmi"]
[SourceDate "2011.11.01"]

1. d4 Nf6 2. c4 e6 3. Nc3 Bb4 4. e3 b6 5. Nge2 Bb7 6. a3 Bxc3+ 7. Nxc3 d5 8.
Be2 O-O 9. O-O Nbd7 10. b4 c5 11. cxd5 cxd4 12. Qxd4 Nxd5 13. Nxd5 Bxd5 14. Bb2
Qf6 15. Rac1 Qg6 16. f3 f5 17. Rc7 Nf6 18. Rfc1 Ne8 19. Rd7 Rf7 20. Rxf7 Kxf7
21. Qf4 Kg8 22. Bb5 Nf6 23. Rc7 a6 24. Bc4 Rd8 25. Be2 b5 26. Bd4 Ne8 27. Ra7
Rc8 28. Bc5 Rd8 29. h4 h6 30. Bd4 Rc8 31. Bc5 Rd8 32. Kf2 Bc4 33. Bxc4 bxc4 34.
Bd4 Rc8 35. Qe5 Qf6 36. Qh2 Qg6 37. Qe5 Qf6 38. Qh2 Qg6 1/2-1/2

[Event "Copa Latinoamericana de Ajedrez 2011"]
[Site "Montevideo URU"]
[Date "2011.11.04"]
[Round "6.44"]
[White "Martyniuk, Carolina"]
[Black "Curi, Gabriel"]
[Result "1/2-1/2"]
[WhiteElo "1959"]
[BlackElo "2154"]
[PlyCount "57"]
[EventDate "2011.11.01"]
[EventType "swiss"]
[EventRounds "9"]
[EventCountry "URU"]
[Source "lmi"]
[SourceDate "2011.11.01"]

1. c4 e6 2. Nc3 d5 3. cxd5 exd5 4. d4 c5 5. e3 Nf6 6. Bb5+ Nc6 7. Nf3 Bd6 8.
Ne5 Qc7 9. Qa4 O-O 10. Nxc6 bxc6 11. Bxc6 Rb8 12. dxc5 Bxc5 13. Nxd5 Nxd5 14.
Bxd5 Bb4+ 15. Kf1 Rd8 16. e4 Bc5 17. Qd1 Ba6+ 18. Kg1 Qe5 19. g3 Qxe4 20. Bxe4
Rxd1+ 21. Kg2 Rxh1 22. Kxh1 Bxf2 23. Kg2 Bd4 24. Rb1 Re8 25. Kf3 g6 26. Bh6 Bg7
27. Bxg7 Kxg7 28. Rd1 Re7 29. Bd3 1/2-1/2

[Event "Copa Latinoamericana de Ajedrez 2011"]
[Site "Montevideo URU"]
[Date "2011.11.04"]
[Round "6.45"]
[White "Crespo, Antonio Rogerio"]
[Black "Blixen, Federico"]
[Result "0-1"]
[WhiteElo "2153"]
[BlackElo "2131"]
[PlyCount "74"]
[EventDate "2011.11.01"]
[EventType "swiss"]
[EventRounds "9"]
[EventCountry "URU"]
[Source "lmi"]
[SourceDate "2011.11.01"]

1. e4 e5 2. Nf3 Nf6 3. d4 Nxe4 4. Nxe5 Nf6 5. Bc4 d5 6. Bd3 Be7 7. O-O O-O 8.
Nd2 c5 9. c3 Nc6 10. Ndf3 Qb6 11. dxc5 Bxc5 12. Qc2 Nxe5 13. Nxe5 h6 14. b4 Bd6
15. Be3 Qc7 16. f4 Ne4 17. Bd4 f6 18. Bxe4 dxe4 19. Qxe4 fxe5 20. fxe5 Be7 21.
Qg6 Qd8 22. Rxf8+ Bxf8 23. Rf1 Bd7 24. Qf7+ Kh7 25. e6 Bc6 26. Rf6 Qe8 27. h4
Qxf7 28. Rxf7 Kg8 29. Rc7 Re8 30. b5 Be4 31. e7 Rxe7 32. Rxe7 Bxe7 33. Bxa7
Bxh4 34. a4 Bd3 35. Bf2 Bf6 36. Be1 Kf7 37. Kf2 Ke6 0-1

[Event "Copa Latinoamericana de Ajedrez 2011"]
[Site "Montevideo URU"]
[Date "2011.11.04"]
[Round "6.46"]
[White "Valenzuela Gomez, Fernando"]
[Black "Lopez, Aldi"]
[Result "1-0"]
[WhiteElo "2151"]
[BlackElo "2076"]
[PlyCount "77"]
[EventDate "2011.11.01"]
[EventType "swiss"]
[EventRounds "9"]
[EventCountry "URU"]
[Source "lmi"]
[SourceDate "2011.11.01"]

1. d4 d5 2. c4 c6 3. Nf3 Nf6 4. Qc2 Ne4 5. e3 e6 6. Bd3 f5 7. O-O Bd6 8. b3 Nd7
9. Bb2 Qf6 10. cxd5 exd5 11. Nfd2 Qh6 12. f4 g5 13. Ba3 Bc7 14. Nxe4 fxe4 15.
Bxe4 Nf6 16. Bf5 gxf4 17. Bxc8 Rxc8 18. Qf5 Kf7 19. Nd2 Rhg8 20. Nf3 Qh5 21.
Qxh5+ Nxh5 22. exf4 Rg4 23. g3 Re8 24. Ne5+ Bxe5 25. dxe5 Ng7 26. Kf2 Nf5 27.
Rg1 Reg8 28. Rae1 Ke6 29. Rd1 h5 30. Rd3 h4 31. Bb4 h3 32. Bd2 R4g7 33. g4 Rxg4
34. Rxg4 Rxg4 35. Rxh3 Nh4 36. Rg3 Rg6 37. Rxg6+ Nxg6 38. Kg3 c5 39. Kg4 1-0

[Event "Copa Latinoamericana de Ajedrez 2011"]
[Site "Montevideo URU"]
[Date "2011.11.04"]
[Round "6.47"]
[White "Hiriart, Guillermo"]
[Black "Arcos Facio, Mateo"]
[Result "0-1"]
[WhiteElo "2019"]
[BlackElo "2148"]
[PlyCount "52"]
[EventDate "2011.11.01"]
[EventType "swiss"]
[EventRounds "9"]
[EventCountry "URU"]
[Source "lmi"]
[SourceDate "2011.11.01"]

1. e4 e5 2. Bc4 Nf6 3. d3 c6 4. Nf3 d5 5. Bb3 a5 6. a3 a4 7. Ba2 Bd6 8. Nc3 Be6
9. Ng5 O-O 10. Nxe6 fxe6 11. Bg5 Qb6 12. Qc1 Ng4 13. Be3 Bc5 14. Nd1 Nxf2 15.
Rf1 Nxd1 16. Rxf8+ Kxf8 17. Bxc5+ Qxc5 18. Qxd1 Qg1+ 19. Kd2 Qxg2+ 20. Kc1 Nd7
21. b3 Kg8 22. bxa4 Nc5 23. Qh5 Rf8 24. Kb2 Nxa4+ 25. Kb3 Qd2 26. Qxe5 Nc5+ 0-1

[Event "Copa Latinoamericana de Ajedrez 2011"]
[Site "Montevideo URU"]
[Date "2011.11.04"]
[Round "6.48"]
[White "Lacayo, Rene"]
[Black "Belistri, Ubaldo"]
[Result "1-0"]
[WhiteElo "2264"]
[BlackElo "2051"]
[PlyCount "109"]
[EventDate "2011.11.01"]
[EventType "swiss"]
[EventRounds "9"]
[EventCountry "URU"]
[Source "lmi"]
[SourceDate "2011.11.01"]

1. d4 g6 2. c4 Bg7 3. Nc3 d6 4. e4 Nf6 5. Bd3 e5 6. d5 O-O 7. Nge2 Nbd7 8. O-O
Nc5 9. Bc2 a5 10. f3 Ne8 11. Be3 f5 12. exf5 gxf5 13. f4 b6 14. Ng3 Qh4 15. Qd2
e4 16. Bf2 Qh6 17. Rab1 Bd7 18. Nge2 Nf6 19. h3 Rae8 20. Be3 Re7 21. Rf2 Ne8
22. Kf1 Bf6 23. Ke1 Rg7 24. Bd4 Re7 25. Kd1 Qg7 26. Qe3 Bxd4 27. Nxd4 Rf6 28.
Nde2 Rg6 29. g3 Nf6 30. Kd2 Qh6 31. Ng1 Qg7 32. Rg2 Nh5 33. Nge2 Qh6 34. Rh1
Nf6 35. Rgg1 Qf8 36. Kc1 h5 37. Kb1 Reg7 38. a3 a4 39. Qd4 Kf7 40. Qe3 Qg8 41.
Rh2 h4 42. Rhg2 hxg3 43. Rxg3 Rxg3 44. Rxg3 Nh5 45. Rxg7+ Qxg7 46. Qf2 Qf6 47.
Ka2 Qe7 48. Nc1 Kf8 49. Bd1 Be8 50. Be2 Qf6 51. Bd1 Qe7 52. Bc2 Qf6 53. N1e2
Qe7 54. Nd4 Kg7 55. Nxf5+ 1-0

[Event "Copa Latinoamericana de Ajedrez 2011"]
[Site "Montevideo URU"]
[Date "2011.11.04"]
[Round "6.49"]
[White "Montoro, Gustavo E"]
[Black "Hernandez Riera, Jose"]
[Result "1-0"]
[WhiteElo "2027"]
[BlackElo "2225"]
[PlyCount "105"]
[EventDate "2011.11.01"]
[EventType "swiss"]
[EventRounds "9"]
[EventCountry "URU"]
[Source "lmi"]
[SourceDate "2011.11.01"]

1. e4 e6 2. d4 d5 3. e5 f5 4. c3 c5 5. Nf3 Nc6 6. Be2 Nh6 7. O-O Nf7 8. a3 Be7
9. b4 c4 10. g3 Bd7 11. Be3 O-O 12. Nbd2 Kh8 13. Ne1 g5 14. f4 Rg8 15. Ng2 g4
16. Re1 Rg6 17. Nf1 Kg7 18. Qd2 h5 19. Bf2 Rh6 20. Nfe3 Nh8 21. Bd1 Ng6 22. Bc2
Qg8 23. Qe2 Rf8 24. Red1 Kh8 25. Qd2 Qh7 26. Kf1 h4 27. Ke2 hxg3 28. hxg3 Kg7
29. Rg1 Rh8 30. Raf1 Rh2 31. Kd1 b5 32. Qe1 Kf7 33. Kc1 a5 34. Kb2 Qg8 35. Rh1
Qf8 36. Rxh2 Rxh2 37. Bg1 Rh1 38. Nxg4 Rxg1 39. Rxg1 fxg4 40. Qb1 Qg7 41. Rf1
Ke8 42. Bxg6+ Kd8 43. Rh1 Nxd4 44. cxd4 axb4 45. axb4 Bxb4 46. Rh7 Qg8 47. Bc2
Be7 48. Qa2 b4 49. Qa8+ Bc8 50. Qa5+ Ke8 51. Qb5+ Bd7 52. Qb8+ Bd8 53. Nh4 1-0

[Event "Copa Latinoamericana de Ajedrez 2011"]
[Site "Montevideo URU"]
[Date "2011.11.04"]
[Round "6.50"]
[White "Muniz, Rafael"]
[Black "Meruvia Meruvia, Juan"]
[Result "1-0"]
[WhiteElo "2220"]
[BlackElo "1905"]
[PlyCount "96"]
[EventDate "2011.11.01"]
[EventType "swiss"]
[EventRounds "9"]
[EventCountry "URU"]
[Source "lmi"]
[SourceDate "2011.11.01"]

1. e4 e5 2. Nf3 Nc6 3. Nc3 Nf6 4. d4 Bd6 5. Bg5 h6 6. Bh4 g5 7. Bg3 Qe7 8. dxe5
Nxe5 9. Nd4 Bb4 10. Bd3 Qc5 11. Ndb5 a6 12. a3 Nxd3+ 13. cxd3 axb5 14. axb4
Rxa1 15. bxc5 Rxd1+ 16. Kxd1 c6 17. Be5 Ke7 18. Bd6+ Kd8 19. f3 Ne8 20. Bg3 Ke7
21. b4 d6 22. d4 dxc5 23. bxc5 b4 24. Na4 Be6 25. Nb6 Nf6 26. Bd6+ Ke8 27. Be5
Ke7 28. d5 cxd5 29. exd5 Bf5 30. Re1 b3 31. Bd6+ Kd8 32. Be7+ Kc7 33. Bxf6 Rg8
34. Kc1 h5 35. Be5+ Kd8 36. Kb2 Bc2 37. c6 bxc6 38. dxc6 Ke7 39. c7 Bf5 40.
Kxb3 Be6+ 41. Kb4 f6 42. Bd4 Kf7 43. Rxe6 Kxe6 44. c8=Q+ Rxc8 45. Nxc8 g4 46.
fxg4 hxg4 47. Kc4 Kf5 48. Kd3 Kg5 1-0

[Event "Copa Latinoamericana de Ajedrez 2011"]
[Site "Montevideo URU"]
[Date "2011.11.04"]
[Round "6.51"]
[White "Lanzilotta, Marcelo"]
[Black "Jodorcovsky Werjivker, Paulo"]
[Result "1/2-1/2"]
[WhiteElo "2011"]
[BlackElo "2194"]
[PlyCount "45"]
[EventDate "2011.11.01"]
[EventType "swiss"]
[EventRounds "9"]
[EventCountry "URU"]
[Source "lmi"]
[SourceDate "2011.11.01"]

1. e4 c5 2. Nf3 e6 3. d3 Nc6 4. g3 d5 5. Nbd2 Nf6 6. Bg2 Be7 7. O-O O-O 8. Re1
b5 9. e5 Nd7 10. Nf1 a5 11. h4 b4 12. b3 a4 13. Bf4 axb3 14. axb3 Rxa1 15. Qxa1
Qa5 16. Ne3 Qxa1 17. Rxa1 Bb7 18. g4 Ra8 19. Rxa8+ Bxa8 20. g5 Nb6 21. Kf1 Na5
22. Nd2 Kf8 23. Bg3 1/2-1/2

[Event "Copa Latinoamericana de Ajedrez 2011"]
[Site "Montevideo URU"]
[Date "2011.11.04"]
[Round "6.52"]
[White "Martinez Alcantara, Jose Eduardo"]
[Black "Ovalles, Otto"]
[Result "0-1"]
[WhiteElo "1995"]
[BlackElo "2175"]
[PlyCount "78"]
[EventDate "2011.11.01"]
[EventType "swiss"]
[EventRounds "9"]
[EventCountry "URU"]
[Source "lmi"]
[SourceDate "2011.11.01"]

1. e4 c6 2. d4 d5 3. Nc3 dxe4 4. Nxe4 Nd7 5. Ng5 Ngf6 6. Bd3 e6 7. N1f3 Bd6 8.
Qe2 h6 9. Ne4 Nxe4 10. Qxe4 Nf6 11. Qh4 Ke7 12. Ne5 Bxe5 13. dxe5 Qa5+ 14. c3
Qxe5+ 15. Be3 b6 16. O-O-O g5 17. Qa4 c5 18. Bb5 Bb7 19. Rhe1 Qc7 20. h4 Rhg8
21. f4 gxh4 22. f5 Rg4 23. Qb3 Be4 24. fxe6 fxe6 25. Rd2 a6 26. Bf1 Nd5 27.
Bxh6 Rh8 28. Be3 Nxe3 29. Rxe3 Qf4 30. Qd1 Rg3 31. Ree2 Bf5 32. Rf2 Qe3 33.
Rfe2 Qg5 34. Rf2 Rd8 35. Bxa6 h3 36. gxh3 Rg1 37. Bf1 Bxh3 38. Qf3 Rxf1+ 39.
Kc2 Rxd2+ 0-1

[Event "Copa Latinoamericana de Ajedrez 2011"]
[Site "Montevideo URU"]
[Date "2011.11.04"]
[Round "6.53"]
[White "Ibañez, Rodrigo"]
[Black "Arias, Jorge"]
[Result "0-1"]
[WhiteElo "1978"]
[BlackElo "2151"]
[PlyCount "94"]
[EventDate "2011.11.01"]
[EventType "swiss"]
[EventRounds "9"]
[EventCountry "URU"]
[Source "lmi"]
[SourceDate "2011.11.01"]

1. e4 c5 2. Nf3 Nc6 3. d4 cxd4 4. Nxd4 g6 5. Nc3 Bg7 6. Be3 Nf6 7. Be2 O-O 8.
Bf3 Ne5 9. O-O d6 10. Be2 Bd7 11. Kh1 Rc8 12. f4 Nc4 13. Bxc4 Rxc4 14. f5 Qa5
15. Qf3 b5 16. a3 a6 17. Nce2 e5 18. Nb3 Qc7 19. Nc3 d5 20. Bg5 dxe4 21. Qg3
Bc6 22. Qh4 e3 23. Bxf6 Rxh4 24. Bxh4 Qb7 25. Rg1 Qb6 26. Be7 Rc8 27. Bc5 Qc7
28. fxg6 hxg6 29. Bxe3 Ba8 30. Nc5 Qc6 31. Rad1 Bf8 32. Nd7 Qe6 33. Nb6 Rb8 34.
Nxa8 Rxa8 35. Rgf1 f5 36. Bg5 Be7 37. Bxe7 Qxe7 38. Nd5 Qc5 39. Rd2 Kg7 40. Nc3
Re8 41. Rd5 Qc4 42. Rd7+ Kf6 43. Rfd1 e4 44. Nd5+ Kg5 45. Rh7 Qe2 46. Rg1 Rd8
47. Ne7 Rd1 0-1

[Event "Copa Latinoamericana de Ajedrez 2011"]
[Site "Montevideo URU"]
[Date "2011.11.04"]
[Round "6.54"]
[White "Heinecke, Lucas"]
[Black "Mafra Kaiser, Luiz"]
[Result "1/2-1/2"]
[WhiteElo "1968"]
[BlackElo "2150"]
[PlyCount "114"]
[EventDate "2011.11.01"]
[EventType "swiss"]
[EventRounds "9"]
[EventCountry "URU"]
[Source "lmi"]
[SourceDate "2011.11.01"]

1. Nf3 Nf6 2. c4 g6 3. g3 Bg7 4. Bg2 O-O 5. Nc3 d6 6. O-O e5 7. d4 exd4 8. Nxd4
Nbd7 9. e4 Re8 10. f3 c6 11. Be3 a5 12. Qd2 a4 13. b3 Qa5 14. Rab1 d5 15. cxd5
cxd5 16. b4 Qd8 17. Nxd5 Nxd5 18. exd5 Nb6 19. Rbc1 Nxd5 20. Bf2 Nb6 21. Rfd1
a3 22. Nb5 Qxd2 23. Rxd2 Bb2 24. Rcc2 Na4 25. Nc7 Be6 26. Nxe8 Rxe8 27. Bd4
Bxa2 28. Bxb2 axb2 29. Rxb2 Nxb2 30. Rxb2 Bc4 31. f4 b5 32. Rd2 Re1+ 33. Kf2
Rb1 34. Bd5 Bxd5 35. Rxd5 Rxb4 36. Kf3 Rb3+ 37. Ke4 Rb1 38. g4 b4 39. Rb5 b3
40. Kf3 Kf8 41. Rb7 Ke8 42. h4 Kd8 43. f5 gxf5 44. gxf5 Kc8 45. Rb4 Kc7 46. Kg4
Kd6 47. Kg5 Kc5 48. Rb8 Kc4 49. Kf6 Rh1 50. Kxf7 Rxh4 51. Kg7 h5 52. f6 Rf4 53.
f7 Kc3 54. f8=Q Rxf8 55. Rxf8 b2 56. Rb8 Kc2 57. Rc8+ Kd1 1/2-1/2

[Event "Copa Latinoamericana de Ajedrez 2011"]
[Site "Montevideo URU"]
[Date "2011.11.04"]
[Round "6.55"]
[White "Cukerman, Diego"]
[Black "Duarde Boabaid, Jorge Alberto"]
[Result "1-0"]
[WhiteElo "2133"]
[BlackElo "1879"]
[PlyCount "123"]
[EventDate "2011.11.01"]
[EventType "swiss"]
[EventRounds "9"]
[EventCountry "URU"]
[Source "lmi"]
[SourceDate "2011.11.01"]

1. e4 e5 2. Nf3 Nc6 3. Bc4 Be7 4. c3 d6 5. O-O Nf6 6. Re1 O-O 7. d3 Na5 8. Bb5
a6 9. Ba4 b5 10. Bc2 c5 11. Nbd2 Qc7 12. Nf1 Bg4 13. h3 Bh5 14. Ng3 Bg6 15. Nh4
Rfe8 16. Nxg6 hxg6 17. f4 exf4 18. Bxf4 Bf8 19. Qf3 Nc6 20. Rac1 Ne5 21. Qf2
Rac8 22. Kh1 a5 23. Nf1 Nh5 24. Bh2 a4 25. d4 Nd7 26. Nd2 Nhf6 27. Nf3 Qb6 28.
e5 dxe5 29. dxe5 Nh7 30. c4 Qa6 31. Bd3 b4 32. Re4 Be7 33. e6 fxe6 34. Rg4 Bf6
35. Bxg6 Re7 36. Bxh7+ Kxh7 37. Rd1 e5 38. Ng5+ Kg8 39. Qf5 Nf8 40. Ne4 Re6 41.
Rd6 Rxd6 42. Nxd6 Qxd6 43. Qxc8 Qd1+ 44. Bg1 e4 45. Qxc5 Bxb2 46. Qd5+ Qxd5 47.
cxd5 b3 48. a3 Bc3 49. Rf4 b2 50. Rf1 Bd2 51. Rb1 Bc1 52. Bd4 e3 53. Bxb2 Bd2
54. Bd4 Nd7 55. Kg1 Nf6 56. Bxf6 gxf6 57. Kf1 f5 58. g3 Kf7 59. Rb7+ Ke8 60.
Ra7 Bc1 61. Rxa4 Kd7 62. Ra6 1-0

[Event "Copa Latinoamericana de Ajedrez 2011"]
[Site "Montevideo URU"]
[Date "2011.11.04"]
[Round "6.56"]
[White "Magaldi, Nelson"]
[Black "Salguero, Rafael"]
[Result "0-1"]
[WhiteElo "2123"]
[BlackElo "1855"]
[PlyCount "106"]
[EventDate "2011.11.01"]
[EventType "swiss"]
[EventRounds "9"]
[EventCountry "URU"]
[Source "lmi"]
[SourceDate "2011.11.01"]

1. e4 e6 2. d4 d5 3. Nc3 Bb4 4. e5 c5 5. a3 Bxc3+ 6. bxc3 Nc6 7. Qg4 g6 8. Nf3
Qa5 9. Bd2 Qa4 10. Ra2 h5 11. Qf4 c4 12. Be2 Bd7 13. O-O O-O-O 14. Rb1 Rf8 15.
Nh4 Nh6 16. Qg5 Qa5 17. Be1 Nf5 18. Rab2 b6 19. Nf3 Qxa3 20. Qc1 Qa6 21. Bd2 f6
22. exf6 Rxf6 23. Ne5 Nxe5 24. dxe5 Rf7 25. Bg5 Qb7 26. Rb4 h4 27. h3 Rhf8 28.
Bf6 Ne7 29. Bf3 Bc6 30. Qg5 Ng8 31. Qg4 Nxf6 32. exf6 Rxf6 33. Qxh4 b5 34. Re1
Qf7 35. Bg4 Bd7 36. Re2 Kc7 37. Qg3+ Kc6 38. Qe3 Bc8 39. Rb1 a6 40. Ra1 Qc7 41.
f3 Qb6 42. Qxb6+ Kxb6 43. Re5 a5 44. Rae1 b4 45. Bxe6 Bxe6 46. Rxe6+ Rxe6 47.
Rxe6+ Kb5 48. cxb4 axb4 49. Kf2 b3 50. cxb3 cxb3 51. Re1 Kb4 52. Rd1 b2 53. Ke3
Kc3 0-1

[Event "Copa Latinoamericana de Ajedrez 2011"]
[Site "Montevideo URU"]
[Date "2011.11.04"]
[Round "6.57"]
[White "Ledesma, Sebastian"]
[Black "Martinez, Ayelen"]
[Result "0-1"]
[WhiteElo "1908"]
[BlackElo "2123"]
[PlyCount "66"]
[EventDate "2011.11.01"]
[EventType "swiss"]
[EventRounds "9"]
[EventCountry "URU"]
[Source "lmi"]
[SourceDate "2011.11.01"]

1. e4 c5 2. c3 d5 3. exd5 Qxd5 4. d4 Nf6 5. Nf3 e6 6. Be2 Nc6 7. O-O Be7 8. Na3
cxd4 9. Nb5 Qd8 10. Nbxd4 Nxd4 11. Nxd4 O-O 12. Qb3 Qc7 13. Bg5 e5 14. Nb5 Qb8
15. c4 Be6 16. Qe3 a6 17. Nc3 Qc7 18. b3 h6 19. Bh4 Bc5 20. Qd2 Rfd8 21. Qc2
Bd4 22. Bxf6 gxf6 23. Rac1 f5 24. Kh1 Qe7 25. Bf3 e4 26. Bd1 Rac8 27. Ne2 Be5
28. f4 Bg7 29. Ng3 b5 30. c5 b4 31. Be2 Bc3 32. Bxa6 Rd2 33. Qb1 Ra8 0-1

[Event "Copa Latinoamericana de Ajedrez 2011"]
[Site "Montevideo URU"]
[Date "2011.11.04"]
[Round "6.58"]
[White "Cori, Kevin"]
[Black "Michailov, Matias"]
[Result "1/2-1/2"]
[WhiteElo "1902"]
[BlackElo "2117"]
[PlyCount "99"]
[EventDate "2011.11.01"]
[EventType "swiss"]
[EventRounds "9"]
[EventCountry "URU"]
[Source "lmi"]
[SourceDate "2011.11.01"]

1. e4 e5 2. Nf3 Nc6 3. Bc4 Bc5 4. c3 Nf6 5. d4 exd4 6. e5 d5 7. Bb5 Ne4 8. cxd4
Bb6 9. Be3 O-O 10. Nc3 Bg4 11. Qa4 Nxc3 12. bxc3 Ne7 13. Nd2 c6 14. Bd3 Bf5 15.
Be2 Qd7 16. f4 Bd8 17. Qd1 Be6 18. g4 f5 19. exf6 Rxf6 20. Nf3 Bxg4 21. Ne5
Bxe2 22. Nxd7 Bxd1 23. Nxf6+ gxf6 24. Rxd1 Nf5 25. Kd2 Ba5 26. Rc1 Re8 27. Rhe1
Bc7 28. Kd3 b5 29. Bd2 Rxe1 30. Rxe1 Kf7 31. a4 a6 32. axb5 axb5 33. Ra1 Ke6
34. Ra8 h5 35. Rc8 Kd7 36. Rh8 h4 37. Ke2 Bd6 38. Kf3 b4 39. cxb4 Nxd4+ 40. Kf2
Nf5 41. Kf3 Nd4+ 42. Kf2 Nf5 43. h3 Ke6 44. Rc8 Kd7 45. Rh8 Ke6 46. Rh7 Be7 47.
Rh8 Bd6 48. Re8+ Kd7 49. Rh8 Ke6 50. Re8+ 1/2-1/2

[Event "Copa Latinoamericana de Ajedrez 2011"]
[Site "Montevideo URU"]
[Date "2011.11.04"]
[Round "6.59"]
[White "Rodriguez Lazo, Luis"]
[Black "Cao, Jorge"]
[Result "0-1"]
[WhiteElo "1879"]
[BlackElo "2105"]
[PlyCount "77"]
[EventDate "2011.11.01"]
[EventType "swiss"]
[EventRounds "9"]
[EventCountry "URU"]
[Source "lmi"]
[SourceDate "2011.11.01"]

1. d4 Nf6 2. c4 c5 3. d5 d6 4. Nc3 g6 5. e4 Bg7 6. f4 O-O 7. Nf3 e6 8. Bd3 exd5
9. cxd5 b5 10. Qc2 c4 11. Be2 Re8 12. e5 dxe5 13. fxe5 Bf5 14. Qd1 Ng4 15. Nd4
Nxe5 16. O-O Bd3 17. Ndxb5 a6 18. Na3 Nbd7 19. Be3 Bxe2 20. Qxe2 f5 21. h3 Rc8
22. Rad1 Nd3 23. Nxc4 Nxb2 24. Qxb2 Rxc4 25. Bd2 Qc7 26. Rc1 Rc8 27. d6 Qc5+
28. Kh1 Bxc3 29. Bxc3 Rxc3 30. Rxc3 Qxc3 31. Qb7 Qc6 32. Qb3+ Qc4 33. Qxc4+
Rxc4 34. Re1 Re4 35. Rc1 Kf7 36. Rc6 a5 37. Ra6 a4 38. Kg1 Ke6 39. Kf2 0-1

[Event "Copa Latinoamericana de Ajedrez 2011"]
[Site "Montevideo URU"]
[Date "2011.11.04"]
[Round "6.60"]
[White "Iurk, Jonel Nazareno"]
[Black "Schuh, Astor Jose"]
[Result "1/2-1/2"]
[WhiteElo "2023"]
[BlackElo "2094"]
[PlyCount "85"]
[EventDate "2011.11.01"]
[EventType "swiss"]
[EventRounds "9"]
[EventCountry "URU"]
[Source "lmi"]
[SourceDate "2011.11.01"]

1. d4 Nf6 2. c4 e6 3. Nf3 b6 4. g3 Bb7 5. Bg2 c5 6. e3 Qc7 7. b3 cxd4 8. exd4
Bb4+ 9. Bd2 Bxd2+ 10. Nbxd2 O-O 11. O-O d5 12. Rc1 dxc4 13. Rxc4 Qe7 14. Qc2
Na6 15. Ne5 Bxg2 16. Kxg2 Nb4 17. Nc6 Nxc6 18. Rxc6 Qd7 19. Nf3 Rac8 20. Rc1
Rxc6 21. Qxc6 Qe7 22. Qa4 Nd5 23. Rc4 f5 24. Qa6 Nb4 25. Qb5 Nd5 26. Qa6 g5 27.
Rc8 g4 28. Ne5 Nb4 29. Rxf8+ Kxf8 30. Qc8+ Kg7 31. a3 Nd5 32. Nc6 Qxa3 33. Qxe6
Qxb3 34. Qe5+ Nf6 35. Qxf5 Qf3+ 36. Qxf3 gxf3+ 37. Kxf3 a5 38. g4 Kf7 39. g5
Nd5 40. Ke4 Ke6 41. f4 a4 42. f5+ Kd6 43. Na7 1/2-1/2

[Event "Copa Latinoamericana de Ajedrez 2011"]
[Site "Montevideo URU"]
[Date "2011.11.04"]
[Round "6.62"]
[White "Escofet, Jaime"]
[Black "Rodriguez, Sergio"]
[Result "1-0"]
[WhiteElo "2056"]
[BlackElo "2009"]
[PlyCount "59"]
[EventDate "2011.11.01"]
[EventType "swiss"]
[EventRounds "9"]
[EventCountry "URU"]
[Source "lmi"]
[SourceDate "2011.11.01"]

1. Nf3 d5 2. d4 g6 3. e3 Bg7 4. Bd3 Nf6 5. O-O O-O 6. Nbd2 b6 7. Qe2 c5 8. b3
Bb7 9. Bb2 Nbd7 10. Ne5 Ne4 11. f4 Nxd2 12. Qxd2 Nxe5 13. fxe5 e6 14. Rf3 c4
15. Be2 f6 16. exf6 Rxf6 17. Rxf6 Qxf6 18. bxc4 dxc4 19. Bxc4 Rc8 20. Rf1 Qe7
21. Bd3 Rf8 22. Rxf8+ Qxf8 23. Bc4 Qe7 24. Qd3 Kh8 25. h3 Qf6 26. Qf1 Qg5 27.
Qf2 Qe7 28. Qf4 h6 29. Qg4 Kh7 30. Qxe6 1-0

[Event "Copa Latinoamericana de Ajedrez 2011"]
[Site "Montevideo URU"]
[Date "2011.11.04"]
[Round "6.63"]
[White "Tregarthen, Emiliano"]
[Black "Fernandez, Antonio"]
[Result "1-0"]
[WhiteElo "2051"]
[BlackElo "1973"]
[PlyCount "113"]
[EventDate "2011.11.01"]
[EventType "swiss"]
[EventRounds "9"]
[EventCountry "URU"]
[Source "lmi"]
[SourceDate "2011.11.01"]

1. e4 e6 2. d3 d5 3. Nd2 Nf6 4. g3 Bc5 5. e5 Nfd7 6. Ngf3 Bb6 7. Bg2 c5 8. b3
Nc6 9. Bb2 Bc7 10. O-O Ncxe5 11. Re1 Nxf3+ 12. Qxf3 Qg5 13. Qe2 Nf6 14. h4 Qf5
15. c4 d4 16. b4 cxb4 17. Bxd4 O-O 18. Bb2 e5 19. Nb3 Re8 20. d4 Bd7 21. dxe5
Ng4 22. Bxb7 Rad8 23. Be4 Qh5 24. f4 Ba4 25. c5 f6 26. Bf3 Bd7 27. Rad1 Qg6 28.
e6 Bxe6 29. Rxd8 Bxd8 30. Bxg4 Bd7 31. Qc4+ Kh8 32. Rxe8+ Bxe8 33. Qe6 h5 34.
f5 Qxg4 35. Qxe8+ Kh7 36. Qg6+ Qxg6 37. fxg6+ Kxg6 38. c6 Bc7 39. Kg2 Kf7 40.
Bd4 a5 41. Bc5 Ke6 42. Nd4+ Kd5 43. Ba7 a4 44. Nb5 Kxc6 45. Nxc7 Kxc7 46. Bc5
b3 47. axb3 axb3 48. Bd4 Kd6 49. Kf3 Kd5 50. Bb2 Kc4 51. Kf4 Kd3 52. Kf5 Kc2
53. Ba1 b2 54. Bxb2 Kxb2 55. Kg6 Kc3 56. Kxg7 f5 57. Kg6 1-0

[Event "Copa Latinoamericana de Ajedrez 2011"]
[Site "Montevideo URU"]
[Date "2011.11.04"]
[Round "6.64"]
[White "Ulaneo, Matias"]
[Black "Romaniello, Enrique"]
[Result "1-0"]
[WhiteElo "2036"]
[BlackElo "1880"]
[PlyCount "73"]
[EventDate "2011.11.01"]
[EventType "swiss"]
[EventRounds "9"]
[EventCountry "URU"]
[Source "lmi"]
[SourceDate "2011.11.01"]

1. d4 e6 2. Nf3 f5 3. c4 Nf6 4. Nc3 c6 5. g3 d5 6. Bg2 Bd6 7. b3 O-O 8. e3 Ne4
9. Bd2 Nd7 10. O-O Nxd2 11. Nxd2 Nf6 12. Qc2 Ne4 13. f3 Nxd2 14. Qxd2 Bb4 15.
a3 Bxc3 16. Qxc3 Bd7 17. e4 fxe4 18. fxe4 Qb6 19. exd5 exd5 20. cxd5 cxd5 21.
Bxd5+ Be6 22. Bxe6+ Qxe6 23. Qc4 Qxc4 24. bxc4 Rac8 25. Rxf8+ Kxf8 26. Rc1 b5
27. c5 Ke7 28. Re1+ Kf6 29. Kf2 a5 30. Re5 b4 31. axb4 axb4 32. Ke3 Ra8 33. Kd3
b3 34. Kc3 Ra4 35. Rd5 Ra2 36. Kxb3 Rxh2 37. c6 1-0

[Event "Copa Latinoamericana de Ajedrez 2011"]
[Site "Montevideo URU"]
[Date "2011.11.04"]
[Round "6.65"]
[White "Pazdur, Martin"]
[Black "De Leon, Patricia"]
[Result "1-0"]
[WhiteElo "2230"]
[BlackElo "1800"]
[PlyCount "65"]
[EventDate "2011.11.01"]
[EventType "swiss"]
[EventRounds "9"]
[EventCountry "URU"]
[Source "lmi"]
[SourceDate "2011.11.01"]

1. e4 c6 2. d4 d5 3. Nd2 g6 4. Ngf3 Bg7 5. c3 Qc7 6. Bd3 Bg4 7. h3 Bxf3 8. Qxf3
e6 9. O-O Ne7 10. Re1 O-O 11. e5 c5 12. Qg4 Qb6 13. Nf3 cxd4 14. cxd4 Nbc6 15.
Qh4 Nf5 16. Bxf5 exf5 17. Bh6 Rfe8 18. Rad1 Nd8 19. b3 Ne6 20. g4 fxg4 21. hxg4
Qd8 22. Qh3 f6 23. Bxg7 Kxg7 24. Qg3 Qe7 25. exf6+ Qxf6 26. g5 Qf5 27. Re5 Qc2
28. Rde1 Qc6 29. Qh3 Nf8 30. Re7+ Rxe7 31. Rxe7+ Kg8 32. Qh6 Qc1+ 33. Kg2 1-0